| 000 | 01096nam a22002897a 4500 | ||
|---|---|---|---|
| 001 | BR8601201 | ||
| 003 | BR-BrBNA | ||
| 005 | 20230928092242.0 | ||
| 007 | ta | ||
| 008 | 230509b bl.||||| |||| 00| 0 por d | ||
| 040 |
_aBR-BrBNA _bpor _cBiblioteca Nacional de Agricultura |
||
| 041 | _a(Por) | ||
| 072 |
_aH10 _b0960 _b4120 _b3875 _b/G514 |
||
| 090 | _ 0960 BR8601201 | ||
| 100 | 1 | _aCabrini, H.M. | |
| 110 | 1 |
_aEscola Superior de Agricultura Luiz de Queiroz, Piracicaba, SP (Brasil) _0Dissertacao (Mestre em Agronomia) |
|
| 245 | 1 | _aOcorrencia de isolados de Botrytis cinerea Pers. ex Fr. resistentes a Benomyl em morangos (Fragaria spp.)no estado de Sao Paulo | |
| 246 | 1 | _aBenomyl-resistant isolates of Botrytis cinerea Pers. ex Fr. occurring on strawberries (Fragaria spp.)in the state of Sao Paulo | |
| 260 | 3 |
_aPiracicaba, SP (Brasil): _c1985. |
|
| 300 | _a66 p. | ||
| 500 | _a12 tables; Bibliography p. 59-66 (64 ref.); Summaries (Eng, Por) | ||
| 650 | _aMORANGO | ||
| 650 | _aQUEIMA DAS PONTAS | ||
| 650 | _aSAO PAULO | ||
| 909 |
_a202309 _bLucia _c55 _dLucia Elande |
||
| 942 | _cBK | ||
| 999 |
_c37930 _d37930 |
||